Flugziele vom Flughafen Stuttgart - Statistiken

Allgemein
  • Dieses Quiz wurde 443 mal gespielt
  • Das Durchschnittsergebnis liegt bei 47 aus 110
Antwortstatistiken
Land Airlines Antwort % Korrekt
Türkei Turkish Airlines Istanbul (IST)
94%
Deutschland Eurowings Berlin (BER)
92%
Italien Eurowings Rom (FCO)
91%
Österreich Austrian,Eurowings Wien (VIE)
88%
Frankreich AirFrance Paris Charles de Gaulle (CDG)
87%
Spanien Eurowings,Vueling Barcelona (BCN)
86%
Portugal Eurowings Lissabon (LIS)
86%
Großbritannien British Airways,Eurowings London Heathrow (LHR)
86%
Niederlande Eurowings, KLM Amsterdam (AMS)
84%
Griechenland Aegean,Eurowings Athen (ATH)
84%
Deutschland Eurowings Hamburg (HAM)
84%
Italien Eurowings Mailand Malpensa (MXP)
82%
Deutschland Lufthansa München (MUC)
82%
Türkei Corendon, Pegasus, SunExpress, Turkish Airlines Ankara (ESB)
81%
Dänemark SAS Scandinavian Airlines Kopenhagen (CPH)
81%
Polen LOT Polish Airlines Warschau (WAW)
81%
Schweiz Swiss Zürich (ZRH)
80%
Deutschland Lufthansa Frankfurt (FRA)
79%
Portugal Eurowings Porto (OPO)
78%
Türkei Corendon,Freebird, MGA, Pegasus, SunExpress, Tailwind Airlines,
Turkish Airlines
Antalya (AYT)
76%
Kroatien Eurowings Zagreb (ZAG)
76%
Ungarn Eurowings Budapest (BUD)
74%
Spanien Condor,Eurowings, German Airways, KlasJet, TuiFly, Vueling Palma de Mallorca (PMI)
74%
Rumänien Blue Air,Eurowings Bukarest (OTP)
70%
Italien Eurowings Neapel (NAP)
70%
Lettland Air Baltic Riga (RIX)
67%
Tunesien Eurowings Tunis (TUN)
67%
Italien Eurowings Venedig (VCE)
66%
Albanien Eurowings Tirana (TIA)
63%
Serbien Air Serbia,Eurowings Belgrad (BEG)
62%
Deutschland Eurowings Bremen (BRE)
62%
Kap Verde Tui Fly Sal (SID)
61%
Türkei Corendon,Eurowings, Pegasus, SunExpress, Turkish Airlines Izmir (ADB)
60%
Kroatien Eurowings,Transavia Split (SPU)
58%
Österreich Eurowings Graz (GRZ)
57%
Frankreich Twin Jet Lyon (LYS)
57%
Frankreich Carpatair,Eurowings, German Airways Nizza (NCE)
56%
Italien Eurowings Palermo (PMO)
55%
Spanien Eurowings Valencia (VLC)
55%
Bosnien-Herzegovina Eurowings Sarajevo (SJJ)
54%
Griechenland Aegean,Eurowings Thessaloniki (SKG)
54%
Polen Eurowings Krakau (KRK)
53%
Deutschland Luebeck Air Lübeck (LBC)
52%
Spanien Eurowings Ibiza (IBZ)
51%
Deutschland Eurowings Dresden (DRS)
50%
Türkei Pegasus,Turkish Airlines Istanbul (SAW)
50%
Kosovo Air Montenegro,ETF Airways,
Eurowings, GP Aviation, Trade Air
Pristina (PRN)
50%
Georgien Eurowings Tiflis (TBS)
50%
Spanien Condor,Corendon, Eurowings, Tui Fly Gran Canaria (LPA)
48%
Spanien Eurowings Malaga (AGP)
48%
Griechenland Condor,Eurowings, Tui Fly Rhodos (RHO)
48%
Ägypten Air Cairo,Condor, Corendon, Eurowings, Fly Egypt, SmartLynx, Tui Fly Hurghada (HRG)
47%
Kroatien Eurowings,Freebird Europe Dubrovnik (DBV)
44%
Italien Eurowings Bari (BRI)
43%
Griechenland Aegean,Condor,
Eurowings, Tui Fly
Heraklion (HER)
43%
Spanien Condor,Eurowings, Tui Fly Teneriffa South (TFS)
43%
Spanien Eurowings Bilbao (BIO)
42%
Griechenland Condor,Eurowings, Tui Fly Kos (KGS)
41%
Spanien Tui Fly Menorca (MAH)
40%
Spanien Condor,Eurowings, Smartwings, SundAir, Tui Fly Fuerteventura (FUE)
39%
Marokko Eurowings Marrakesch (RAK)
39%
Portugal Eurowings,Tui Fly Faro (FAO)
37%
Griechenland Condor,Eurowings, Tui Fly Korfu/Kerkyra (CFU)
34%
Bulgarien European Air Charter,Eurowings Varna (VAR)
34%
Spanien Eurowings Alicante (ALC)
33%
Portugal Eurowings,Tui Fly Funchal (FNC)
33%
Italien Eurowings Catania (CTA)
32%
Spanien Condor,Eurowings, Tui Fly Lanzarote (ACE)
31%
Kroatien Eurowings Zadar (ZAD)
31%
Italien Eurowings Cagliari (CAG)
29%
Türkei SunExpress,Turkish Airlines Adana (ADA)
25%
Griechenland Condor,Eurowings Mykonos (JMK)
25%
Kroatien Eurowings Rijeka (RJK)
24%
Türkei Corendon,SunExpress Bodrum (BJV)
23%
Griechenland Condor,Eurowings Santorin (JTR)
23%
Deutschland Eurowings Westerland/Sylt (GWT)
23%
Türkei SunExpress,Turkish Airlines Trabzon (TZX)
22%
Bulgarien European Air Charter,Eurowings Burgas (BOJ)
19%
Tunesien Nouvelair Djerba (DJE)
19%
Zypern Eurowings Larnaca (LCA)
19%
Kroatien Eurowings Pula (PUY)
19%
Griechenland Eurowings Chania (CHQ)
16%
Großbritannien Blue Islands Jersey (JER)
16%
Türkei SunExpress,Turkish Airlines Gaziantep (GZT)
15%
Italien Condor,Eurowings Olbia (OLB)
15%
Türkei SunExpress,Turkish Airlines Samsun (SZF)
14%
Spanien Eurowings Santa Cruz (SPC)
14%
Türkei SunExpress Konya (KYA)
13%
Rumänien Blue Air Sibiu-Hermannstadt (SBZ)
13%
Griechenland Eurowings Zakynthos (ZTH)
13%
Türkei Corendon,Pegasus, SunExpress, Turkish Airlines Kayseri (ASR)
12%
Italien Eurowings Lamezia Terme (SUF)
12%
Tunesien Nouvelair Monastir (MIR)
12%
Frankreich Eurowings Bastia (BIA)
11%
Kap Verde Tui Fly Boa Vista (BVC)
11%
Italien Eurowings Brindisi (BDS)
11%
Spanien Tui Fly Jerez (XRY)
11%
Türkei SunExpress,Tui Fly Dalaman (DLM)
10%
Griechenland Tui Fly Patras (GPA)
10%
Rumänien Eurowings Timisoara (TSR)
10%
Türkei SunExpress Diyarbakir (DIY)
8%
Griechenland Eurowings Kavala (KVA)
8%
Montenegro Eurowings Tivat (TIV)
8%
Griechenland Eurowings Kalamata (KLX)
5%
Türkei SunExpress,Turkish Airlines Elazig (EZS)
4%
Schweden SmartLynx Arvidsjaur (AJR)
2%
Norwegen Air Explore Sandefjord-Torp (TRF)
2%
Griechenland Condor Kefallinia (EFL)
1%
Türkei Turkish Airlines Nevsehir (NAV)
1%
Griechenland Condor,Eurowings Preveza-Lefkas (PVK)
1%
Keine übereinstimmenden Quizze gefunden
Verteilung der Resultate
Anzahl Personen mit jedem Resultat
Perzentil nach korrekt beantworteten Fragen
Ihre Resultats-Entwicklung
Sie haben dieses Quiz noch nicht gespielt